College algebra with trigonometry / (Record no. 8424)

MARC details
000 -LEADER
fixed length control field 00634pam a2200241 a 4500
001 - CONTROL NUMBER
control field 4241453
003 - CONTROL NUMBER IDENTIFIER
control field OSt
005 - DATE AND TIME OF LATEST TRANSACTION
control field 20240612121407.0
008 - FIXED-LENGTH DATA ELEMENTS--GENERAL INFORMATION
fixed length control field 830614s1984 nyua 001 0 eng
010 ## - LIBRARY OF CONGRESS CONTROL NUMBER
LC control number 83012083
020 ## - INTERNATIONAL STANDARD BOOK NUMBER
International Standard Book Number 0070038643 :
040 ## - CATALOGING SOURCE
Original cataloging agency DDC
Transcribing agency MUST
082 00 - DEWEY DECIMAL CLASSIFICATION NUMBER
Classification number 519.5
100 1# - MAIN ENTRY--PERSONAL NAME
Personal name Barnett, Raymond A.
9 (RLIN) 5185
245 10 - TITLE STATEMENT
Title College algebra with trigonometry /
250 ## - EDITION STATEMENT
Edition statement 3rd ed.
260 ## - PUBLICATION, DISTRIBUTION, ETC. (IMPRINT)
Place of publication, distribution, etc. New York :
Name of publisher, distributor, etc. McGraw-Hill,
Date of publication, distribution, etc. c1984.
300 ## - PHYSICAL DESCRIPTION
Extent xv, 682, 64, 5 p. :
Other physical details ill. (some col.) ;
Dimensions 25 cm.
504 ## - BIBLIOGRAPHY, ETC. NOTE
Bibliography, etc Includes indexes
650 #0 - SUBJECT ADDED ENTRY--TOPICAL TERM
Topical term or geographic name as entry element Algebra.
9 (RLIN) 2
650 #0 - SUBJECT ADDED ENTRY--TOPICAL TERM
Topical term or geographic name as entry element Trigonometry.
9 (RLIN) 17020
942 ## - ADDED ENTRY ELEMENTS (KOHA)
Source of classification or shelving scheme Other/Generic Classification Scheme
Koha item type Open Shelf
Holdings
Withdrawn status Lost status Source of classification or shelving scheme Damaged status Not for loan Home library Current library Inventory number Total Checkouts Full call number Barcode Date last seen Koha item type
    Dewey Decimal Classification     MUST Main Library MUST Main Library 97/10296   519.5 2024-20367 12/06/2024 Open Shelf
    Dewey Decimal Classification     MUST Main Library MUST Main Library 97/10295   519.5 2024-20372 12/06/2024 Open Shelf
    Dewey Decimal Classification     MUST Main Library MUST Main Library 97/10299   519.5 2024-20371 12/06/2024 Open Shelf
    Dewey Decimal Classification     MUST Main Library MUST Main Library 97/10293   519.5 2024-20369 12/06/2024 Open Shelf
    Dewey Decimal Classification     MUST Main Library MUST Main Library 97/11307   519.5 2024-20368 12/06/2024 Open Shelf